书目信息 |
| 书名: | Webster's New geographical dictionary | |
| 作者: | ||
| 分册号: | ||
| 分册名: | 出版地: | Springfield, Mass. : |
|
| 出版社: | G. & C. Merriam Co | |
| 出版时间: | c1977. | |
| 页数: | xxix, 1370 p. : | |
| 开本: | 26 cm. | |
| 丛书名: | ||
| 中图分类号: | ||
| 科图分类号: | ||
| 其他分类号: | K91-61:H31 | |
| 主题词: | ||
| 电子资源: | ||
| 000 | 00714cam 2200265 a 4500 | |
| 001 | E0761829656 | |
| 003 | CAL | |
| 005 | 20070302171349.85 | |
| 008 | 761026s1977 maub d 00000 eng | |
| 010 | @a 76049519 //r78 | |
| 020 | @a0877793468. | |
| 040 | @cWUL | |
| 050 | 00 | @aG103.5@b.W42 1977 |
| 082 | @a910/.3 | |
| 090 | @aQ904.2/W3 | |
| 090 | @aK91-61:H31 | |
| 093 | @aQ904.2 @2 4 | |
| 093 | @aK91-61 @2 3rd | |
| 099 | @dK91-61:H31@ex47 | |
| 245 | 00 | @aWebster's New geographical dictionary. |
| 260 | @aSpringfield, Mass. :@bG. & C. Merriam Co.,@cc1977. | |
| 300 | @axxix, 1370 p. :@bmaps ;@c26 cm. | |
| 650 | 0 | @aGeography@vDictionaries. |
| 920 | @a232010@z2 | |
| 998 | @aWUL | |
| Webster's New geographical dictionary.-Springfield, Mass. : : G. & C. Merriam Co., , c1977. |
| xxix, 1370 p. : : maps ; ; 26 cm. |
| ISBN 0877793468. |
| ● |
| 相关链接 |
|
|
|
|
正题名:Webster's New geographical dictionary
索取号:K91-61:H31/x47
 
预约/预借
| 序号 | 登录号 | 条形码 | 馆藏地/架位号 | 状态 | 备注 |
| 1 | 137012 | 202457019 | 第四借阅区/ [索取号:K91-61:H31/x47] | 在馆 | |
| 2 | 137013 | 001691477 | 第四借阅区/ [索取号:K91-61:H31/x47] | 在馆 | |
| 3 | 137014 | 202457028 | 第四借阅区/ [索取号:K91-61:H31/x47] | 在馆 |